| 000 | 01832nam a2200517 i 4500 | ||
|---|---|---|---|
| 001 | 14578 | ||
| 003 | KOSZ 005 | ||
| 005 | 20191026093552.0 | ||
| 008 | 191026s1972 pl a f f 001 0 pol | ||
| 015 | _aPB 1972/6984 | ||
| 035 | _a991034557339705066 | ||
| 035 | _a(PL-WaBN)b19303907-48omnis_nlop | ||
| 035 | _ab19303907 | ||
| 035 | _a(OCoLC)749569355 | ||
| 035 | _a(PL)b0000001930390 | ||
| 035 | _a(EXLNZ-48OMNIS_NETWORK)9910278886705606 | ||
| 040 |
_aWA N _cWA N _dKOSZ 005/RW |
||
| 041 | 1 |
_apol _heng |
|
| 046 | _k1965 | ||
| 080 | _a534 | ||
| 080 | _a535 | ||
| 080 | _a538 | ||
| 100 | 1 |
_aCrawford, Frank Stevens _d(1923- ) _eAutor |
|
| 245 | 1 | 0 |
_aFale / _cFrank S. Crawford jr ; [tłumaczenie Stanisław Dymus, Wiesława Rączkowska]. |
| 246 | 1 |
_iTytuł oryginału: _aWaves |
|
| 260 |
_aWarszawa : _bPaństwowe Wydawnictwo Naukowe, _c1972. |
||
| 300 |
_a570, [1] stron : _bilustracje ; _c25 cm. |
||
| 336 |
_aTekst _btxt _2rdacontent |
||
| 337 |
_aBez urządzenia pośredniczącego _bn _2rdamedia |
||
| 338 |
_aWolumin _bnc _2rdacarrier |
||
| 380 | _aKsiążki | ||
| 380 | _aPublikacje naukowe | ||
| 388 | _a1901-2000 | ||
| 500 | _aNa okładce i obwolucie mylnie inicjał imienia autora: C. Stanowi t. 3 cyklu angielskiego Berkeley Physics Course. T. 1 pt.: Mechanika / C. Kittel, W. D. Knight, M. A. Ruderman. | ||
| 504 | _aIndeks. | ||
| 650 | 7 | _aFale | |
| 650 | 7 | _aDrgania | |
| 655 | 7 | _aPodręcznik | |
| 658 | _aFizyka i astronomia | ||
| 700 | 1 |
_aDymus, Stanisław _eTłumaczenie |
|
| 700 | 1 |
_aRączkowska, Wiesława _eTłumaczenie |
|
| 710 | 2 |
_aPaństwowe Wydawnictwo Naukowe _4pbl |
|
| 856 |
_uhttp://koha.tu.koszalin.pl/cgi-bin/koha/opac-detail.pl?biblionumber=14578 _yKatalog online BPK |
||
| 942 |
_2UKD _cKS |
||
| 999 |
_c14578 _d14578 |
||